000 00733nam a2200265 i 4500
001 C2-0335796
003 PPAK
005 20180728135105.0
008 160222s2008 my |||| ||||| | may d
020 _a9789833293438
040 _aPPAK
_beng
_cPPAK
_erda
082 0 4 _a899.233
_223
090 0 0 _a899.233
_bFAR
_dK
100 0 _aFaridah Osman,
_eauthor
245 1 0 _aKepintaran ilham
264 1 _aRawang, Selangor :
_bPenerbitan Ilmumas ,
_c2008
300 _a89 pages ;
_c22 cm
336 _2rdacontent
_atext
337 _2rdamedia
_aunmediated
338 _2rdacarrier
_avolume
490 1 _aSiri novel sastera Melayu
650 1 0 _aChildren's stories, Malay.
830 0 _aSiri novel sastera Melayu
942 _ddc
_cB
999 _c133894
_d133894